Finish the Impossible Questions - Statistics

General Stats
  • This quiz has been taken 40 times
  • The average score is 9 of 14
Answer Stats
Answer % Correct
What's the meaning of {life}?
97%
What happens after we {die}?
92%
What came first: the {chicken} or the egg?
90%
Are we living in a {simulation}?
74%
If a {tree} falls in a forest and no one hears it, does it make a sound?
72%
What's at the edge of the {universe}?
69%
Can you ever actually reach "{tomorrow}," or is it always a day away?
67%
What rhymes with {orange}?
67%
Do we have {free} {will}, or is everything predetermined?
51%
Is cereal a {soup}?
51%
Can God create a {rock} so heavy that even He cannot lift it?
46%
What if an unstoppable force meets an {immovable} object?
44%
If you replace all the parts of a {ship} is it still the same {ship}?
33%
Does {time} have a beginning and an end?
23%
No matching quizzes found
Score Distribution
Percent of People with Each Score
Percentile by Number Answered
Your Score History
You have not taken this quiz